| 000 | 00890cam a22002775a 4500 | ||
|---|---|---|---|
| 001 | 014052449 | ||
| 003 | OSt | ||
| 005 | 20150610154546.0 | ||
| 008 | 070828t2008 sz o frd 001 0 eng d | ||
| 020 | _a9782940378333 (pbk.) | ||
| 020 | _a2940378339 (pbk.) | ||
| 040 |
_aStDuBDS _beng _cStDuBDS _dUkOxU _dUk _dEG-ScBUE |
||
| 082 | 0 | 4 |
_a006.686 _222 _bCRA |
| 100 | 1 |
_aCrawford, Mike, _d1962- _938150 |
|
| 245 | 1 | 0 |
_aMastering advanced Photoshop techniques for professional photography / _cMike Crawford. |
| 260 |
_aMies ; _aHove : _bRotoVision Book, _cc.2008. |
||
| 300 |
_a191 p. : _bphotographs ; _c25 cm. |
||
| 500 | _aIndex : p. 190-191. | ||
| 500 | _aGlossary : p. 184-189. | ||
| 630 | 0 | 0 |
_aAdobe Photoshop. _937025 |
| 650 | 0 |
_aPhotography _xDigital techniques. _2BUEsh _937027 |
|
| 651 | _2BUEsh | ||
| 653 |
_bCOMAME _bCOMSCI _cJune2015 |
||
| 655 |
_vreading book _934232 |
||
| 942 | _2ddc | ||
| 999 |
_c19562 _d19534 |
||